ბათუმის შოთა რუსთაველის სახელმწიფო უნივერსიტეტის ბიბლიოთეკა

Healt,Tourism and Hospitality Spas,Welness and medical travel. (ბიბ.ჩანაწერი № 45365)

000 -LEADER
fixed length control field 00837nam a2200241Ia 4500
001 - CONTROL NUMBER
control field 12189
003 - CONTROL NUMBER IDENTIFIER
control field GE_BSU
005 - DATE AND TIME OF LATEST TRANSACTION
control field 20221122143526.0
008 - FIXED-LENGTH DATA ELEMENTS--GENERAL INFORMATION
fixed length control field 181216s2014||||enk|||||||||||||| ||eng||
020 ## - INTERNATIONAL STANDARD BOOK NUMBER
International Standard Book Number 9780203083772x
040 ## - CATALOGING SOURCE
Transcribing agency GE_BSU
041 ## - LANGUAGE CODE
Language code of text/sound track or separate title eng
080 ## - UNIVERSAL DECIMAL CLASSIFICATION NUMBER
Universal Decimal Classification number 338.48:615.8 S-68
100 ## - MAIN ENTRY--PERSONAL NAME
Personal name Smith, melanie
9 (RLIN) 15991
245 ## - TITLE STATEMENT
Title Healt,Tourism and Hospitality Spas,Welness and medical travel.
Statement of responsibility, etc. Melanie Smith, Laszlo Puczko.
250 ## - EDITION STATEMENT
Edition statement second edition.
264 ## - PRODUCTION, PUBLICATION, DISTRIBUTION, MANUFACTURE, AND COPYRIGHT NOTICE
Place of production, publication, distribution, manufacture London,
Date of production, publication, distribution, manufacture, or copyright notice 2014.
300 ## - PHYSICAL DESCRIPTION
Extent 508 p.;
Other physical details ill.
Dimensions 26 cm.
653 ## - INDEX TERM--UNCONTROLLED
keyword ჯანმრთელობა, ტურიზმი და სტუმართმოყვარეობა სპა
653 ## - INDEX TERM--UNCONTROLLED
keyword სამედიცინო მოგზაურობა
700 ## - ADDED ENTRY--PERSONAL NAME
Personal name Puczko, Laszlo
Relator term ავტორი
9 (RLIN) 15992
942 ## - ADDED ENTRY ELEMENTS (KOHA)
Koha item type წიგნი
Source of classification or shelving scheme
ეგზემპლარები
Withdrawn status Lost status Source of classification or shelving scheme Damaged status Not for loan Permanent Location Current Location Date acquired Cost, normal purchase price Full call number Barcode Date last seen Copy number Price effective from Koha item type Public note
          ბათუმის შოთა რუსთაველის სახელმწიფო უნივერსიტეტის მთავარი ბიბლიოთეკა ბათუმის შოთა რუსთაველის სახელმწიფო უნივერსიტეტის მთავარი ბიბლიოთეკა 2018-12-17 135.00 338.48:615.8 S-68 36020 2018-12-17 36020 2018-12-17 წიგნი 135 ლ.